Heilung als Gemeinschaftsleistung: Blick auf kollektive Psychotherapiekulturen

Saved in:
Bibliographic Details
Main Author: Schweitzer, Jochen (Author)
Format: Chapter/Article
Language:German
Published: [2016]
In: Relationale Sozialarbeit
Year: 2016, Pages: 127-139
Online Access: Get full text
Author Notes:Jochen Schweitzer

MARC

LEADER 00000caa a2200000 c 4500
001 86550010X
003 DE-627
005 20230710085719.0
007 tu
008 160812s2016 xx ||||| 00| ||ger c
035 |a (DE-627)86550010X 
035 |a (DE-576)9865500108 
035 |a (DE-599)GBV86550010X 
035 |a (OCoLC)1389735687 
040 |a DE-627  |b ger  |c DE-627  |e rda 
041 |a ger 
084 |a 11  |2 sdnb 
100 1 |a Schweitzer, Jochen  |d 1954-2022  |e VerfasserIn  |0 (DE-588)120371812  |0 (DE-627)080633552  |0 (DE-576)29218459X  |4 aut 
245 1 0 |a Heilung als Gemeinschaftsleistung  |b Blick auf kollektive Psychotherapiekulturen  |c Jochen Schweitzer 
264 1 |c [2016] 
300 |a 13 
336 |a Text  |b txt  |2 rdacontent 
337 |a ohne Hilfsmittel zu benutzen  |b n  |2 rdamedia 
338 |a Band  |b nc  |2 rdacarrier 
773 0 8 |i Enthalten in  |t Relationale Sozialarbeit  |d Weinheim : Beltz Juventa, 2016  |g (2016), Seite 127-139  |h 279 Seiten  |w (DE-627)1618843524  |w (DE-576)457632542  |z 3779923564  |z 9783779923565  |7 nnam  |a Heilung als Gemeinschaftsleistung Blick auf kollektive Psychotherapiekulturen 
773 1 8 |g year:2016  |g pages:127-139  |g extent:13  |a Heilung als Gemeinschaftsleistung Blick auf kollektive Psychotherapiekulturen 
951 |a AR 
992 |a 20230131 
993 |a BookComponentPart 
994 |a 2016 
998 |g 120371812  |a Schweitzer, Jochen  |m 120371812:Schweitzer, Jochen  |d 910000  |d 910700  |d 50000  |e 910000PS120371812  |e 910700PS120371812  |e 50000PS120371812  |k 0/910000/  |k 1/910000/910700/  |k 0/50000/  |p 1  |x j  |y j 
999 |a KXP-PPN86550010X  |e 4255505330 
BIB |a Y 
JSO |a {"id":{"eki":["86550010X"]},"title":[{"title_sort":"Heilung als Gemeinschaftsleistung","subtitle":"Blick auf kollektive Psychotherapiekulturen","title":"Heilung als Gemeinschaftsleistung"}],"origin":[{"dateIssuedDisp":"[2016]","dateIssuedKey":"2016"}],"recId":"86550010X","relHost":[{"physDesc":[{"extent":"279 Seiten","noteFormat":"23 cm","noteIll":"Illustrationen, Diagramme"}],"person":[{"given":"Frank","role":"edt","display":"Früchtel, Frank","family":"Früchtel"},{"role":"edt","display":"Straßner, Mischa","given":"Mischa","family":"Straßner"},{"family":"Schwarzloos","role":"edt","display":"Schwarzloos, Christian","given":"Christian"}],"type":{"bibl":"edited-book"},"language":["ger"],"name":{"displayForm":["Frank Früchtel, Mischa Straßner, Christian Schwarzloos (Hrsg.)"]},"part":{"text":"(2016), Seite 127-139","extent":"13","pages":"127-139","year":"2016"},"recId":"1618843524","origin":[{"publisher":"Beltz Juventa","dateIssuedKey":"2016","dateIssuedDisp":"[2016]","publisherPlace":"Weinheim ; Basel"}],"disp":"Heilung als Gemeinschaftsleistung Blick auf kollektive PsychotherapiekulturenRelationale Sozialarbeit","title":[{"title_sort":"Relationale Sozialarbeit","subtitle":"versammelnde, vernetzende und kooperative Hilfeformen","title":"Relationale Sozialarbeit"}],"note":["Enth. 15 Beitr","Literaturangaben"],"corporate":[{"display":"Juventa Verlag","role":"pbl"}],"id":{"eki":["1618843524"],"isbn":["3779923564","9783779923565"]}}],"name":{"displayForm":["Jochen Schweitzer"]},"type":{"bibl":"chapter"},"person":[{"given":"Jochen","display":"Schweitzer, Jochen","role":"aut","family":"Schweitzer"}],"language":["ger"],"physDesc":[{"extent":"13 S."}]} 
SRT |a SCHWEITZERHEILUNGALS2016